Luận ngữ

Đã lưu trong:
Bibliografiske detaljer
Hovedforfatter: Nguyễn Hiến Lê
Format: Bog
Sprog:Undetermined
Udgivet: Hà Nội Văn học 1995
Fag:
Tags: Tilføj Tag
Ingen Tags, Vær først til at tagge denne postø!
Thư viện lưu trữ: Trung tâm Học liệu Trường Đại học Cần Thơ
LEADER 00484nam a2200169Ia 4500
001 CTU_4414
008 210402s9999 xx 000 0 und d
082 |a 181.11 
082 |b L250L 
100 |a Nguyễn Hiến Lê 
245 0 |a Luận ngữ 
245 0 |c Nguyễn Hiến Lê 
260 |a Hà Nội 
260 |b Văn học 
260 |c 1995 
650 |a confucius and confucianism,philosophy, chinese 
980 |a Trung tâm Học liệu Trường Đại học Cần Thơ